| 000 | 01082cam a2200301 i 4500 | ||
|---|---|---|---|
| 999 |
_c3136 _d3136 |
||
| 001 | 3683340 | ||
| 003 | GZU | ||
| 005 | 20201118111349.0 | ||
| 008 | 781108s1979 enka b 001 0 eng | ||
| 010 | _a 78026380 | ||
| 020 | _a0521226244 | ||
| 020 | _a0521295815 (pbk.) | ||
| 020 | _a9780521295819 | ||
| 040 |
_aDLC _cDLC _dDLC |
||
| 050 | 0 | 0 |
_aQK711.2 _b.MIL 1979 |
| 100 | 1 |
_aMilthorpe, F. L. _q(Frederick Leon) _eauthor |
|
| 245 | 1 | 3 |
_aAn introduction to crop physiology / _cF. L. Milthorpe and J. Moorby. |
| 250 | _a2d ed. | ||
| 260 |
_aCambridge ; _aNew York : _bCambridge University Press, _c1979. |
||
| 300 |
_axi, 244 p. : _bill. ; _c24 cm. |
||
| 504 | _aIncludes bibliographies and index. | ||
| 650 | 0 |
_aCrops _xPhysiology. |
|
| 700 | 1 |
_aMoorby, J., _ejoint author. |
|
| 856 | 4 | 2 |
_3Publisher description _uhttp://www.loc.gov/catdir/enhancements/fy1004/78026380-d.html |
| 856 | 4 | 1 |
_3Table of contents only _uhttp://www.loc.gov/catdir/enhancements/fy1004/78026380-t.html |
| 906 |
_a7 _bcbc _corignew _d1 _eocip _f19 _gy-gencatlg |
||
| 942 |
_2lcc _cBK _e2nd ed. _h711.2 _iMIL _kQK |
||